Qahuva Istanbul neku mi sauzad (Record no. 1679001)

MARC details
000 -LEADER
fixed length control field 00681 a2200217 4500
005 - DATE AND TIME OF LATEST TRANSACTION
control field 20260422114546.0
008 - FIXED-LENGTH DATA ELEMENTS--GENERAL INFORMATION
fixed length control field 260422b |||||||| |||| 00| 0 eng d
020 ## - INTERNATIONAL STANDARD BOOK NUMBER
International Standard Book Number 9786009688456 (pbk)
037 ## - SOURCE OF ACQUISITION
Terms of availability TB
040 ## - CATALOGING SOURCE
Original cataloging agency CRL
Transcribing agency CRL
041 ## - LANGUAGE CODE
Source of code PER
Language code of text/sound track or separate title PER
084 ## - COLON CLASSIFICATION NUMBER
Classification number U8.591 164Q8
Assigning agency CRL
100 ## - MAIN ENTRY--PERSONAL NAME
Personal name Sherwani, Ali Akbar
9 (RLIN) 1114608
245 ## - TITLE STATEMENT
Title Qahuva Istanbul neku mi sauzad
260 ## - PUBLICATION, DISTRIBUTION, ETC.
Place of publication, distribution, etc. Tehran, Iran:
Name of publisher, distributor, etc. Atraf Publishers,
Date of publication, distribution, etc. 2018.
300 ## - PHYSICAL DESCRIPTION
Extent 214p.
365 ## - TRADE PRICE
Price amount 600.00
Currency code INR
650 ## - SUBJECT ADDED ENTRY--TOPICAL TERM
Topical term or geographic name entry element Travel
942 ## - ADDED ENTRY ELEMENTS (KOHA)
Koha item type Textbook
Source of classification or shelving scheme Colon Classification (CC)
Classification part U8.591 164Q8
Holdings
Withdrawn status Lost status Source of classification or shelving scheme Damaged status Not for loan Home library Current library Date acquired Source of acquisition Cost, normal purchase price Inventory number Total Checkouts Full call number Barcode Date last seen Cost, replacement price Price effective from Koha item type
    Colon Classification (CC)     Central Library Central Library 2026-02-16 Nadwi Publications 480.00 2052 & 14.02.2026   U8.591 164Q8 CL1926075 2026-02-16 600.00 2026-02-16 Textbook
Copyright @ Delhi University Library System